Listy Mariny Cvetajevovej Borisovi Pasternakovi

Bibliographic Details
Main Author: Cvetajeva, Marina Ivanovna, 1892-1941 (Author)
Other Authors: Marušiaková, Viera, 1923-2016 (Translator)
Format: Article
Language:Slovak
PhysicalDescription:Fot. 3.
Subjects:

MARC

LEADER 00000nab a2200000 a 4500
001 vtls000367813
003 SK-MaSNL
005 20260303183409.0
008 140423c1989 xo 0 slo
015 |a SNBRB19rr/mm-uuuuu 
035 |a CL0367935 
040 |a SNKBUCL  |b slo  |c SNKBUCL  |e AACR2 
041 0 |a slo 
044 |a xo  |c SK 
080 |a 82:930.25  |2 1981 
080 |a 930.25  |2 1981 
080 |a 882  |2 1981 
080 |a 82  |2 1981 
080 |a 929  |2 1981 
080 |a 929 Cvetajeva, Marina Ivanovna  |2 1981 
080 |a 929 Pasternak, Boris Leonidovič  |2 1981 
100 1 |a Cvetajeva, Marina Ivanovna,  |d 1892-1941  |4 aut  |9 167329 
245 1 0 |a Listy Mariny Cvetajevovej Borisovi Pasternakovi  |c Marina Ivanovna Cvetajeva ; Viera Marušiaková, Boris Leonidovič Pasternak 
300 |b Fot. 3. 
500 |a Úvodná poznámka red. 
600 1 7 |a Cvetajeva, Marina Ivanovna,  |d 1892-1941  |2 snkbucl  |9 167329 
655 7 |a články z novín a časopisov  |2 snkbucl  |9 267496 
655 7 |a články z odboru literárna veda a krásna literatúra  |2 snkbucl  |9 770045 
700 1 |a Marušiaková, Viera,  |d 1923-2016  |4 trl  |9 53703 
773 0 |t Revue svetovej literatúry  |g Roč. 25, č. 7 (1989), s. 138-148 
850 |a Slovenská národná knižnica v Martine  |a MTA001 
852 |a SNK  |b KIS3GCP 
958 |a RK 
958 |a LX 
958 |a SU 
999 |c 2120949  |d 2122879